00460nam a2200169Ia 4500003000400000008004100004040001600045082001700061100002100078245005400099260005200153300001100205650001100216650001700227650001900244650002700263GCL140319s9999 xx 000 0 eng d aGCL / cGCL04a944.033bB D1 aBLUCHE, FRANCOIS10aDICTIONNAIRE DU GRAND SIECLE / cBLUCHE, FRANCOIS a[S.N] : bLIBRAIRE GENERALE FRANCAISE ، c1990 a1640 P04aEUROPE04aDICTIONARIES04aFRENCH HISTORY04aLOUIS XIV, 1643 - 1715